000 01114nam a2200253 a 4500
001 39412
003 BD-RjUL
005 20211209053003.0
008 190227s2013 bg |||| b||| 000 0 ben d
020 _a9847000000453
_c: Tk. 300.00
035 _a(BD-RjUL)39525
040 _aBD-RjUL
_bben
_cBD-RjUL
_dBD-RjUL
041 _aben
082 _223
_a337
_bBIS 2013
245 0 0 _aবিশ্বায়ন: বিস্তার ও বিরোধ = Globalization: expansion and antagonisms /
_cঅনুবাদ ও ভূমিকা: হাসানুজ্জামান চৌধুরী
250 _a২য় মুদ্রন =2nd ed.
260 _aঢাকা :
_bজাতীয় সাহিত্য প্রকাশ,
_c২০১৩
300 _a২২৪ পৃ.
_c২২ সেমি.
504 _aতথ্যসূত্র সংযুক্ত
650 _aবিশ্বায়ন
_9120296
650 _aGlobalization
_9121496
700 _aচৌধুরী, হাসানুজ্জামান, অনুবাদক ও ভূমিকা
_9228712
942 _2ddc
_cBK
999 _c39412
_d39412